| 000 | 00890nac a22002777a 4500 | ||
|---|---|---|---|
| 001 | BR8206930 | ||
| 003 | BR-BrBNA | ||
| 005 | 20240105115554.0 | ||
| 008 | 230509b bl.|||m| |||| 00| 0 por d | ||
| 040 |
_aBR-BrBNA _bpor _cBiblioteca Nacional de Agricultura |
||
| 072 | _aL74 | ||
| 090 | _a5212 BR8206930 | ||
| 100 | 1 | _aPimentel, D.M. | |
| 100 | 1 | _aThiago, L.R.L. de S. | |
| 110 | 1 |
_aCentro Nacional de Pesquisa de Gado de Corte, Campo Grande, MS (Brasil) _91771 |
|
| 245 | 1 | _aOxalatos totais em Setoria anceps cv. Kazungula | |
| 260 | 3 |
_aCampo Grande, MS (Brasil): _c1982. |
|
| 300 | _a4 p. | ||
| 490 |
_aComunicado Tecnico - Centro Nacional de Pesquisa de Gado de Corte (Brazil) _vno. 12 _xISSN 0100-7807 |
||
| 500 | _a7 ref. | ||
| 650 | _aBOVINO | ||
| 650 | _aSETARIA | ||
| 650 | _aINTOXICACAO | ||
| 909 |
_a202312 _bLúcia Elande _c55 _dLúcia Elande |
||
| 942 |
_2AGRIS _n0 _cMS |
||
| 999 |
_c275376 _d275376 |
||